[Event "15th Spice Cup 2021"]
[Site "Clayton"]
[Date "2021.10.18"]
[Round "1.1"]
[White "Nyzhnyk, Illya"]
[Black "Chen, Jonathan"]
[Result "1-0"]
[WhiteElo "2670"]
[BlackElo "2302"]
[Annotator "TA"]
[PlyCount "55"]
[EventDate "2021.10.17"]
[EventType "swiss"]
[EventCountry "USA"]
[SourceTitle "playchess.com"]
[Source "ChessBase"]
[SourceQuality "1"]

{[%evp 9,55,16,47,0,8,0,13,12,47,52,58,53,50,14,26,18,29,6,68,58,58,60,70,68,119,110,110,131,131,135,295,287,365,356,335,315,312,324,332,300,1540,1494,29971,29972,10483,9695,29996,29997]} 1. d4 Nf6 2. Nf3 d5 3. c4 e6 4. Nc3 dxc4 5. e4 b5 6. Nxb5 {Threatening Qa4. D24: Queen's Gambit Accepted: 3 Nf3 Nf6 4 Nc3.} (6. e5 $5 {[%cal Re5f6]} Nd5 7. Nxb5 $14) 6... Nxe4 7. Nc3 $5 {[%mdl 4] [#] Leaves trodden paths.} (7. Qa4 {looks sharper.} c6 8. Nc3 Nd6 9. Ne5 Be7 10. Bxc4 Nxc4 11. Nxc4 O-O 12. O-O) 7... Nxc3 $146 ({Predecessor:} 7... Nd6 8. Bxc4 Nxc4 9. Qa4+ Nd7 10. Qxc4 Bb7 11. Bg5 Be7 12. Bxe7 Qxe7 13. Qxc7 Bxf3 14. gxf3 {0-1 (47) Le,Q (2737)-Grischuk,A (2772) Huaian 2017}) 8. bxc3 {The position is equal.} Ba6 9. Ne5 c6 10. Qh5 {[%csl Ge5][%cal Rh5f7]} Qc7 11. Bxc4 (11. Rb1 {with more complications.} Bd6 12. Nxc4 Bxc4 13. Bxc4 Nd7 14. Qg4) 11... Bxc4 12. Nxc4 Nd7 13. O-O {Black should prevent Re1.} Nf6 (13... Nb6 $11 14. Nxb6 axb6) 14. Qf3 $14 Nd5 15. Rb1 Rc8 16. Bg5 Be7 (16... h6 $1 $14 17. Bh4 Bd6) 17. Bxe7 $16 Kxe7 18. Ne5 $36 {[%mdl 2048] White has strong initiative.} f6 {[#]} 19. Nd3 Kf7 $2 {Loses the game.} (19... Nxc3 $16 {was called for.} 20. Rbe1 Nd5) 20. Nc5 $18 {Strongly threatening Rb7.} Nb6 21. a4 {[%cal Ba2a4,Ba4a5][%mdl 32]} Qd6 22. Rfe1 Rhe8 23. a5 Nd5 24. Rb7+ Rc7 $2 (24... Nc7 25. Ne4 Qd8) 25. Qh5+ {[%mdl 64] Double Attack} ({Less strong is} 25. Rxc7+ Nxc7 26. Qd3 Kg8 $14) 25... Kf8 {[#]} 26. Nxe6+ $1 {[%mdl 576] Deflection} Qxe6 27. Rxe6 Rxe6 28. Rb8+ {Weighted Error Value: White=0.08/Black=0.80} 1-0

[Event "15th Spice Cup 2021"]
[Site "Clayton"]
[Date "2021.10.18"]
[Round "1.2"]
[White "Woodward, Andy"]
[Black "Gledura, Benjamin"]
[Result "0-1"]
[WhiteElo "2290"]
[BlackElo "2628"]
[Annotator "TA"]
[PlyCount "48"]
[EventDate "2021.10.17"]
[EventType "swiss"]
[EventCountry "USA"]
[SourceTitle "playchess.com"]
[Source "ChessBase"]
[SourceQuality "1"]

{[%evp 13,48,-31,19,2,-21,-88,-79,-71,-81,-108,-95,-197,-177,-183,-150,-147,-145,-143,-139,-162,-178,-169,-174,-174,-165,-191,-182,-182,-179,-195,-206,-349,-352,-454,-454,-454,-454]} 1. d4 Nf6 2. c4 g6 3. Nc3 Bg7 4. Nf3 O-O 5. g3 d5 6. Bg2 dxc4 7. Ne5 c5 8. dxc5 {D74: Fianchetto Grünfeld: Main Line (5 Nf3 0-0 6 cxd5 Nxd5 7 0-0).} Qc7 9. c6 Nxc6 $17 ({And not} 9... Qxe5 10. cxb7 Bxb7 11. Bxb7 $16) 10. Nxc6 {Black is better.} bxc6 11. Qa4 Nd5 12. Nxd5 (12. Bd2 $17 {keeps fighting.}) 12... cxd5 $19 13. Bxd5 Bb7 14. Bxb7 Qxb7 {[%mdl 64] [#] Double Attack} 15. O-O {[#]} Qe4 $146 ({Predecessor:} 15... c3 16. bxc3 Bxc3 17. Bh6 Bxa1 18. Bxf8 Rxf8 19. Rxa1 Rd8 20. Qb3 Qa6 21. Qe3 Qb7 {1-0 (60) Koggala,W (2025)-Weerasinghe,C (1736) Colombo 2016}) 16. Be3 Bxb2 17. Rad1 Bf6 18. Rd7 h5 19. Rc1 Rfc8 20. h4 a6 21. Rdd1 Rc6 22. Bd4 (22. Kh2 {might work better.}) 22... c3 ({Weaker is} 22... Bxd4 23. Rxd4 Qxd4 24. Qxc6 $11) 23. Rd3 {intending Re3.} Rd6 24. Rdxc3 Rxd4 {Weighted Error Value: White=0.36/Black=0.05} ({Less strong is} 24... Bxd4 25. e3 $17) 0-1

[Event "15th Spice Cup 2021"]
[Site "Clayton"]
[Date "2021.10.18"]
[Round "1.3"]
[White "Martinez Alcantara, Jose Eduardo"]
[Black "Homa, Seth"]
[Result "1/2-1/2"]
[WhiteElo "2620"]
[BlackElo "2269"]
[Annotator "TA"]
[PlyCount "123"]
[EventDate "2021.10.17"]
[EventType "swiss"]
[EventCountry "USA"]
[SourceTitle "playchess.com"]
[Source "ChessBase"]
[SourceQuality "1"]

{[%evp 17,123,25,16,0,0,0,86,0,31,14,25,0,0,0,0,-27,-15,-39,46,39,73,0,0,0,0,0,62,62,61,32,66,2,45,38,39,12,60,61,137,51,143,4,52,52,56,37,28,28,90,0,52,52,54,57,63,30,30,30,30,30,43,30,30,27,29,6,30,37,55,43,43,43,59,0,77,0,0,0,0,0,0,0,14,8,16,16,17,17,17,17,18,16,44,0,16,16,25,8,27,0,0,0,0,0,0,0,0,0]} 1. e4 c5 2. Nf3 Nc6 3. d4 cxd4 4. Nxd4 Nf6 5. Nc3 e5 6. Ndb5 d6 7. Nd5 Nxd5 8. exd5 Ne7 9. c4 Ng6 10. h4 {B33: Sicilian: Pelikan and Sveshnikov Variations.} Be7 11. g3 {[#]} h5 $146 (11... e4 $11) ({Predecessor:} 11... O-O 12. h5 Nh8 13. Be3 a6 14. Nc3 f5 15. f4 exf4 16. gxf4 Nf7 17. Qd2 Nh6 {0-1 (66) Nasar,L (1706)-Milosevic,A (1994) Paracin 2020}) 12. Bd3 (12. Be2 $1 $16) 12... a6 13. Nc3 Bg4 $1 {[%cal Rg4d1]} 14. f3 Bd7 15. Be3 O-O 16. Qb3 b5 17. cxb5 e4 (17... axb5 $15 18. Bxb5 (18. Nxb5 f5 $11) 18... Bxb5 19. Qxb5 (19. Nxb5 f5 $11) 19... Rb8) 18. Nxe4 $14 axb5 19. Ng5 (19. Bxb5 $2 Qa5+ 20. Nc3 Rfb8 $1 $19) (19. O-O $16) 19... Bxg5 $11 20. hxg5 Re8 21. Bxg6 Qa5+ (21... Qxg5 $11 22. Bxf7+ Kxf7) 22. Kf2 $14 fxg6 23. Rhe1 Rac8 24. Bf4 (24. a3 $14) 24... Bf5 {...Rc2+ is the strong threat.} 25. Rxe8+ Rxe8 26. Rc1 Rc8 27. Rc6 Kh7 {[#]} (27... Re8 $14 28. Be3 Qd8) 28. Be3 (28. Qa3 $1 $16 {[%cal Ra3a5]} Qxa3 29. bxa3) 28... Qa8 {[#]} (28... Rf8 $14) 29. Qc3 ({But not} 29. Qxb5 $6 Qxa2 30. Rxc8 Bxc8 $11) (29. Rxd6 Rc2+ 30. Kf1 Qb8 $19) ({White should try} 29. Qa3 $1 $16) 29... Rxc6 30. dxc6 Qxa2 31. Qd4 Qb1 32. Bd2 {Black must now prevent g4.} Qc2 (32... Qd1 $11 {remains equal.}) 33. Qxd6 ({White should play} 33. Qc3 $16) 33... b4 (33... Qxb2 $11 34. Qb4 Qa2) 34. Qxb4 {And now Qc3 would win.} Qxc6 35. Bc3 Qd7 36. Qf8 Qa7+ 37. Kg2 Be6 38. Qd6 Bb3 39. Bd4 (39. Qe5 {looks sharper.} Qf7 40. Kf2 Bd5 41. f4 Bb3 42. Qd4) 39... Qf7 40. Qe5 (40. Kf2 {is interesting.} Bd1 41. Qc6 Bb3 42. Qc5 Bd1 43. Qc3) 40... Bd5 41. Qe3 Bb3 42. Kf2 Qb7 43. Qc3 Ba4 44. b4 Bb5 45. Qe3 (45. Qc5 $14) 45... Qd5 (45... Qc7 $11 {keeps the balance.}) 46. Qc3 (46. Qe5 $16 {[%csl Gd4][%cal Re5g7]} Qa2+ 47. Bb2 Qa7+ 48. Qc5) 46... Qa2+ 47. Ke3 Qe2+ 48. Kf4 Qe7 49. Be5 Bf1 50. Ke3 Qxg5+ 51. Kf2 Bb5 52. Bxg7 Qe7 {Threatens to win with ...Qe2+.} 53. Be5 Qa7+ 54. Bd4 Qe7 55. Be5 (55. Qc2 {with more complications.} Kh6 56. Qd2+ Kh7 57. Qf4 Qe2+ 58. Kg1) 55... Qa7+ 56. Kg2 Qa2+ 57. Kh3 {Qc7+ would kill now.} (57. Kg1 {is more complex.} Qb1+ 58. Kf2 Qa2+ 59. Ke3 Qa7+ 60. Qd4) 57... Qe6+ 58. Kh4 Bd7 {( -> ...Qh3+). The position is equal.} 59. g4 $1 hxg4 60. f4 Qf5 61. Kg3 Qe4 62. b5 {Weighted Error Value: White=0.20/Black=0.23} 1/2-1/2

[Event "15th Spice Cup 2021"]
[Site "Clayton"]
[Date "2021.10.18"]
[Round "1.4"]
[White "Atanasov, Anthony"]
[Black "Quesada Perez, Yuniesky"]
[Result "0-1"]
[WhiteElo "2245"]
[BlackElo "2593"]
[Annotator "TA"]
[PlyCount "122"]
[EventDate "2021.10.17"]
[EventType "swiss"]
[EventCountry "USA"]
[SourceTitle "playchess.com"]
[Source "ChessBase"]
[SourceQuality "1"]

{[%evp 15,122,-18,13,14,20,28,28,27,18,17,22,-10,47,-79,-88,-145,-144,-141,-107,-89,-86,-79,-86,-77,-75,-57,-40,-87,-54,-66,-66,-176,-162,-258,-254,-289,-289,-291,-286,-284,-278,-320,-322,-362,-364,-368,-364,-368,-362,-362,-344,-366,-358,-346,-304,-445,-443,-487,-492,-499,-493,-737,-782,-716,-615,-731,-708,-679,-660,-561,-527,-514,-305,-1091,-1129,-706,-264,-1183,-1168,-696,-605,-503,-473,-554,0,-368,-264,-1522,-1383,-800,-416,-391,-264,-264,-256,-1177,-1167,-1030,-1030,-6817,-6211,-29979,-29980,-29980,-29981,-29981,-29982,-29982,-29983]} 1. d4 Nf6 2. Nf3 b6 3. Bf4 Bb7 4. h3 g6 5. e3 Bg7 6. Be2 O-O 7. O-O d6 8. c4 c5 9. Nc3 {A48: 1 d4 Nf6 2 Nf3 g6: Torre, London and Colle Systems.} cxd4 10. exd4 ({But not} 10. Qxd4 $2 e5 $19) 10... d5 11. Ne5 {White has an edge.} dxc4 12. Bxc4 Nc6 {[#]} 13. Qb3 $146 {[%cal Re5f7]} ({Predecessor:} 13. Qa4 Rc8 14. Rfd1 Na5 15. Be2 a6 16. d5 b5 17. Qb4 Nxd5 18. Nxd5 Bxd5 19. a4 {0-1 (26) Solovjev,N (2327)-Sorokin,A (2434) Moscow 2017}) 13... Qe8 ({Better is} 13... e6 $11 14. Nxc6 Bxc6) 14. Qa4 (14. Nxc6 $14 {stays ahead.} Qxc6 15. d5) 14... a6 $17 {Threatens to win with ...b5.} 15. Rfd1 (15. Be2 $142) 15... b5 16. Qb3 Na5 17. Qb4 Nxc4 18. Nxc4 {[#]} Bxg2 $1 19. Kxg2 bxc4 20. Qxc4 Qd7 21. d5 Rfc8 22. Qd3 Nh5 $36 {[%mdl 2048] Black has the initiative.} 23. Bg3 {Black keeps a firm grip on the game.} (23. Bh2 $15) 23... Nxg3 $19 24. Qxg3 (24. fxg3 {is a better defense.} Rab8 25. Rd2) 24... Rab8 25. Rab1 Bxc3 26. bxc3 Rxb1 27. Rxb1 Qxd5+ {[%mdl 4160] [#] Endgame Double Attack. KQR-KQR} 28. Kh2 Qxa2 29. Rb8 Qe6 30. Rxc8+ Qxc8 {KQ-KQ} 31. Qe5 Qe6 32. Qa5 Kg7 33. Kg2 Qc6+ 34. Kg1 f6 35. Qd8 (35. Qb4 $142) 35... Qc5 36. c4 a5 37. Qe8 h5 38. Qb5 (38. Kg2 $142 Qxc4 39. Qxe7+ Qf7 40. Qc5) 38... Qxb5 39. cxb5 {KP-KP} a4 40. b6 {Hoping for b7.} a3 {aiming for ...a2.} 41. b7 a2 42. b8=Q a1=Q+ {KQ-KQ} 43. Kg2 Qe5 44. Qe8 (44. Qb4) 44... Qe4+ 45. Kg1 h4 $2 (45... Kh6 46. Qf7 Kg5) 46. Kh2 $2 (46. Qc8) 46... g5 47. Qd7 Kf7 48. Qd1 Kg6 49. Qd8 Kf7 $2 ({Black should play} 49... Qe2 $19 50. Qe8+ Kg7) 50. Qc8 $2 {[%mdl 8192]} (50. Qd1 $11 {and White has nothing to worry.} Kg6 51. Qd8) 50... Qf3 51. Qc4+ (51. Qc2) 51... Kg7 52. Qc5 Qe4 {White must now prevent ...Qe5+.} 53. Qc8 Qe5+ 54. Kg1 Kf7 55. Qd7 $2 (55. Qh8) 55... Qe1+ 56. Kg2 Qe4+ 57. Kg1 g4 58. Kh2 g3+ {Black mates.} 59. fxg3 Qe2+ 60. Kg1 hxg3 61. Qd5+ Kg7 {Weighted Error Value: White=0.67/Black=0.13} 0-1

[Event "15th Spice Cup 2021"]
[Site "Clayton"]
[Date "2021.10.18"]
[Round "1.5"]
[White "Moradiabadi, Elshan"]
[Black "Park, Evan"]
[Result "1-0"]
[WhiteElo "2553"]
[BlackElo "2236"]
[Annotator "TA"]
[PlyCount "93"]
[EventDate "2021.10.17"]
[EventType "swiss"]
[EventCountry "USA"]
[SourceTitle "playchess.com"]
[Source "ChessBase"]
[SourceQuality "1"]

{[%evp 11,93,27,33,4,31,22,58,45,82,20,41,34,52,49,97,19,51,48,116,122,124,133,131,129,123,119,135,131,136,137,147,134,145,124,154,152,160,167,179,171,175,161,229,225,228,230,232,225,256,251,434,365,531,514,983,966,979,902,1157,1168,1547,1175,1609,1875,1335,1320,1320,1343,1304,1304,1336,1336,1142,996,1387,1326,1800,1747,1933,1879,29981,4833,29990,29991]} 1. Nf3 f5 2. d4 Nf6 3. g3 g6 4. Bg2 Bg7 5. O-O d6 6. c3 O-O 7. Bg5 {A81: Dutch Defence: 2 g3.} c6 8. Nbd2 Qe8 9. Qb3+ {White is slightly better.} Kh8 10. Bxf6 (10. Rae1 $16) 10... Bxf6 11. e4 e5 12. Rfe1 {[#]} Qe7 $146 ({Predecessor:} 12... Qf7 13. Qxf7 Rxf7 14. dxe5 dxe5 15. exf5 Bxf5 16. Nxe5 Bxe5 17. Rxe5 Nd7 18. Re3 Nf6 {0-1 (50) Zhaferova,F-Rossinskaja,L Moscow 1999}) 13. Rad1 ({White should try} 13. Qa3 $16) 13... Nd7 14. Qa3 $36 {[%mdl 2048] White is more active.} Qf7 {White now steadily converts the win.} (14... d5 $14) 15. Qxd6 $16 Be7 16. Nxe5 Bxd6 17. Nxf7+ Rxf7 18. e5 Nxe5 19. dxe5 Bc7 20. Bf1 Re7 21. f4 Bd7 22. Bc4 Rae8 23. Nf3 Bc8 24. a4 a5 25. Kg2 Kg7 26. Rd2 Kf8 (26... Rd7 $142 27. Rxd7+ Bxd7) 27. Red1 $18 Kg7 28. b4 {[%cal Bb2b4,Bb4b5][%mdl 32]} h6 29. h4 Kf8 30. b5 c5 $2 (30... Rh7 {keeps fighting.} 31. bxc6 bxc6) 31. Kf2 Rg7 (31... b6 {is a better defense.} 32. Nh2 Rh7) 32. h5 g5 (32... b6 $142 33. hxg6 Rxg6) 33. b6 Bxb6 34. Rd6 {[%mdl 64] [#] Double Attack} Bc7 35. Rxh6 gxf4 36. gxf4 Bd8 37. Rh8+ Ke7 38. Rxe8+ Kxe8 39. Bb5+ Ke7 40. h6 Rh7 {[#]} 41. Rxd8 $1 {[%mdl 512]} Kxd8 {[%mdl 4096] Endgame KRB-KBN} 42. Ng5 Rxh6 43. Nf7+ {[%mdl 64] Double Attack} Ke7 44. Nxh6 Kf8 45. Bd3 Kg7 46. Nxf5+ (46. Bxf5 $142 Bxf5 47. Nxf5+ Kh7 48. Nd6 Kg8 49. Nxb7 Kf8 50. Nxa5 Kf7 51. Nb3) 46... Kg6 47. Nd6+ {Weighted Error Value: White=0.17/Black=0.83} 1-0

[Event "15th Spice Cup 2021"]
[Site "Clayton"]
[Date "2021.10.18"]
[Round "2.1"]
[White "Ostrovskiy, Aleksandr"]
[Black "Nyzhnyk, Illya"]
[Result "0-1"]
[WhiteElo "2406"]
[BlackElo "2670"]
[Annotator "TA"]
[PlyCount "76"]
[EventDate "2021.10.17"]
[EventType "swiss"]
[EventCountry "USA"]
[SourceTitle "playchess.com"]
[Source "ChessBase"]
[SourceQuality "1"]

{[%evp 10,76,13,17,25,24,55,39,64,34,85,62,83,55,74,32,71,47,72,18,12,0,0,6,0,-32,-22,-33,-36,-38,-11,-5,-19,-40,-35,-55,-33,-58,-43,-61,-66,-147,-147,-318,-294,-264,-215,-222,-235,-221,-229,-232,-228,-496,-455,-502,-466,-1383,-1381,-1315,-1306,-1248,-1249,-1207,-1208,-1102,-1066,-1050,-1031]} 1. e4 c6 2. Nc3 d5 3. Nf3 Bg4 4. h3 Bxf3 5. Qxf3 e6 6. Be2 Nd7 {B11: Caro-Kann: Two Knights Variation.} 7. d4 g6 8. Be3 Bg7 {White is slightly better.} 9. O-O-O Ne7 (9... b5 $1 $14) 10. h4 h6 {[#]} 11. Kb1 $146 ({Predecessor:} 11. g4 b5 12. exd5 cxd5 13. Nxb5 Qb6 14. Bf4 O-O 15. Qe3 a6 16. Nc3 Kh7 17. Bd3 Bxd4 18. Bxg6+ fxg6 19. Rxd4 {1-0 (66) Sunilduth Lyna,N (2618)-Nikitenko,M (2436) Chess.com INT 2020}) 11... a6 12. Qh3 h5 13. Bg5 Bf6 14. Bxf6 ({White should play} 14. g4 $16) 14... Nxf6 $11 15. e5 Nd7 16. g4 c5 17. f4 cxd4 $1 18. Rxd4 Qb6 19. Rdd1 hxg4 20. Bxg4 O-O-O 21. Qf3 Kb8 22. h5 Nc5 {[%cal Bd7c5,Bc5a4,Ba4c3][%mdl 32]} 23. Qf2 gxh5 24. Bxh5 Nf5 {Threatens to win with ...d4.} 25. Ne2 (25. Bf3 $1 $15) 25... d4 $1 $17 {...Ne3 is the strong threat.} 26. Bf3 $2 {This move loses the game for White.} (26. b3 $17) 26... Rxh1 $19 27. Rxh1 Na4 $40 {[%csl Ga4][%cal Rb6b2][%mdl 128] Black wants a kill.} 28. b3 Ne3 $1 29. Be4 Nc3+ 30. Nxc3 dxc3 31. Bd3 $2 {[#]} (31. Qh4) 31... Qc5 $1 {[%cal Rc5a3] Black is clearly winning.} 32. Qg1 a5 33. a4 {[#]} (33. f5 $142 exf5 34. Rh6) 33... Rxd3 $1 {[%mdl 512]} 34. cxd3 {[#]} (34. Rh8+ Kc7) 34... Qa3 $1 {[%csl Ge3][%cal Rc3c2]} 35. Rh8+ Kc7 {[%csl Ge3][%cal Rc3c2]} 36. Rh2 Qxb3+ 37. Kc1 {[#]} c2 $1 {( -> ...Qb1+)} 38. Kd2 {[#]} Qb2 $1 {[%csl Gb2][%cal Rc2c1] Weighted Error Value: White=0.52/Black=0.08} 0-1

[Event "15th Spice Cup 2021"]
[Site "Clayton"]
[Date "2021.10.18"]
[Round "2.2"]
[White "Gledura, Benjamin"]
[Black "Mardov, Dimitar"]
[Result "0-1"]
[WhiteElo "2628"]
[BlackElo "2373"]
[Annotator "TA"]
[PlyCount "152"]
[EventDate "2021.10.17"]
[EventType "swiss"]
[EventCountry "USA"]
[SourceTitle "playchess.com"]
[Source "ChessBase"]
[SourceQuality "1"]

{[%evp 15,152,-8,0,-6,0,-3,-9,-19,-16,-14,-10,-6,0,-17,0,-26,0,-15,22,15,7,-14,116,116,92,63,51,49,107,0,0,0,0,-19,106,-4,-4,-5,-4,-4,-4,-4,-3,-24,-29,-142,-183,-844,-103,-460,-436,-488,-117,-147,-142,-585,-569,-592,-583,-554,-543,-483,-495,-871,-744,-29962,-11468,-7300,-6211,-1811,-750,-29969,-29967,-29987,-29988,-29989,-29981,-29981,-29982,-29978,-430,-987,-979,-29985,-29986,-29988,-29982,-29966,-29967,-29964,-29962,-29963,-29966,-29967,-29968,-29970,-29972,-29975,-29972,-29972,-29970,-29970,-29969,-29970,-29970,-29970,-29967,-29967,-29965,-29973,-29974,-29972,-29967,-29971,-29968,-29974,-29976,-29974,-29976,-29983,-29982,-29984,-29983,-29984,-29984,-29986,-29987,-29989,-29988,-29988,-29988,-29990,-29987,-29994,-29988,-29995,-29988,-29996,-29997]} 1. d4 Nf6 2. c4 e6 3. Nc3 Bb4 4. e3 O-O 5. Bd3 d5 6. cxd5 exd5 7. Nge2 Re8 8. O-O Bd6 9. Bd2 {E48: Nimzo-Indian: Rubinstein: 5 Bd3 d5 including 6 Ne2, but excluding 6 a3.} a6 {9...b6 is the fancy move.} 10. Rc1 Nbd7 {[%cal Bb8d7,Bd7f8,Bf8e6][%mdl 32]} 11. Nf4 {The position is equal.} c6 12. f3 Nf8 13. Kh1 {[#]} Ne6 $146 ({Predecessor:} 13... Ng6 14. Nce2 Qb6 15. b3 Bd7 16. g4 Re7 17. Qc2 Nxf4 18. exf4 Rae8 19. Ng3 Kf8 {½-½ (62) Fressinet,L (2645)-Gharamian,T (2614) Nimes 2018}) 14. Nce2 h6 15. g4 Bd7 16. Rg1 Rc8 17. Qf1 c5 18. Qg2 {Hoping for g5!} Bb5 (18... Nxf4 $11 19. Nxf4 cxd4 20. Rxc8 Bxc8) 19. Nxe6 $16 fxe6 20. Bb1 Qe7 21. Nc3 Bc6 (21... g5 $14) 22. f4 (22. g5 $16 hxg5 23. Qxg5) 22... g5 23. Ne2 Ne4 24. Bc3 (24. Bxe4 {is more complex.} dxe4 25. Qh3 Bb5 26. Ng3 Qh7 27. Bc3) 24... gxf4 (24... Nxc3 $11 {keeps the balance.} 25. bxc3 Bb5) 25. exf4 ({White should try} 25. g5 $16 h5 26. exf4) 25... cxd4 $11 26. Bxd4 e5 27. fxe5 Bxe5 28. g5 h5 ({Wrong is} 28... Nxg5 $2 29. h4 $16) 29. Rcd1 Rf8 {Strongly threatening ...Bxd4.} 30. Rge1 (30. Rdf1 $11) 30... Rce8 $17 31. Kg1 {[#]} (31. Bxe4 dxe4 32. Be3) 31... Kh8 $2 (31... Nd2 $1 $19 {[%mdl 512] is more deadly.} 32. Rxd2 Bxd4+ 33. Rxd4 Qe3+ 34. Kh1 {[#]} Qxd4 $3 {[%mdl 512]} 35. Nxd4 Rxe1+ 36. Qg1 Rff1 37. Qxf1 Rxf1+ 38. Kg2 Rxb1) 32. h3 $2 {[%mdl 8192]} (32. Bxe5+ $17 Qxe5 33. Nd4) 32... Nxg5 {White must now prevent ...Nf3+.} 33. Kh1 Ne4 $2 (33... Bxd4 $19 34. Rxd4 Qe5) 34. Qg6 Nf2+ 35. Bxf2 $2 {[%mdl 8192]} (35. Kg2 $17 {was the crucial defense.} Rg8 36. Nf4 Nxd1 37. Kf3 Rxg6 38. Nxg6+ Kg7 39. Bxe5+ Qxe5 40. Nxe5) 35... d4+ $1 $19 36. Be4 Bxe4+ 37. Qxe4 Rxf2 38. Ng3 {Now Qg6 and White clings on.} Qg5 ({Less strong is} 38... Qd7 39. Qh4 $19) 39. Rd3 (39. Rg1 $142) 39... h4 40. Nf1 {[#]} Ref8 $1 41. Rdd1 (41. Qg4 Rxf1+) 41... R8f5 42. Rc1 Kg7 (42... Qf6 $142 43. Kg1 Rxb2) 43. Qxb7+ Kh6 44. Qe4 d3 45. Qg4 d2 46. Nxd2 Rxd2 47. Rc6+ Bf6 (47... Kh7 $142 48. Qxg5 Rxg5 49. Rxe5 Rxe5 50. Rc1 Rxb2 51. Kg1 Rxa2 52. Rf1 Kh6 53. Rc1 Re3 54. Kf1 Rxh3 55. Rc6+ Kg5 56. Rc5+ Kf4 57. Rc4+ Ke5 58. Kg1 Re3 59. Kf1 h3 60. Rc8 Rf3+ 61. Ke1 h2 62. Rh8 Rb3 63. Re8+ Kf6 64. Rf8+ Kg7 65. Rf7+ Kxf7 66. Kf1 h1=Q#) 48. Qxg5+ (48. Rg1 $142 Rdf2 49. Qxg5+ Rxg5 50. Rxa6) 48... Kxg5 49. Rxa6 Rff2 {Black mates.} 50. Ra5+ Kh6 51. Ra6 Rxb2 52. Kg1 Kg7 53. Ra7+ Kg6 54. Ra6 Rxa2 55. Rxa2 Rxa2 {[%mdl 4096] Endgame KRB-KR} 56. Kh1 Bg5 57. Rf1 Ra3 58. Kg2 Rg3+ 59. Kh2 Rc3 60. Kg2 Bf6 61. Rf3 Rc4 62. Kh1 Be5 63. Kg2 Bg3 64. Kg1 Rc2 65. Rf1 Rh2 66. Ra1 Rxh3 67. Ra2 Be5 68. Rc2 Rd3 69. Rc1 Kf5 70. Kh1 Kg4 71. Rb1 Bg3 72. Ra1 Rd2 73. Rb1 Kh3 74. Rf1 Rc2 75. Kg1 Rg2+ 76. Kh1 Bf2 {[%csl Gh3][%cal Rg2h2] Weighted Error Value: White=0.81/Black=0.56} 0-1

[Event "15th Spice Cup 2021"]
[Site "Clayton"]
[Date "2021.10.18"]
[Round "2.4"]
[White "Singh, Hersh"]
[Black "Jacobson, Brandon"]
[Result "0-1"]
[WhiteElo "2100"]
[BlackElo "2492"]
[Annotator "TA"]
[PlyCount "70"]
[EventDate "2021.10.17"]
[EventType "swiss"]
[EventCountry "USA"]
[SourceTitle "playchess.com"]
[Source "ChessBase"]
[SourceQuality "1"]

{[%evp 24,70,21,8,22,14,2,-13,-8,-60,-53,-105,-95,-101,-101,-134,-106,-562,-560,-839,-825,-813,-801,-978,-874,-978,-961,-978,-977,-977,-956,-1181,-1175,-1333,-1329,-1453,-1382,-1535,-1440,-1311,-1180,-1183,-1180,-1136,-1142,-1127,-1120,-1084,-1081]} 1. d4 Nf6 2. c4 e6 3. Nc3 d5 4. cxd5 exd5 5. Bg5 c6 6. e3 h6 7. Bh4 Be7 8. Bd3 O-O 9. Qc2 Re8 10. Nge2 Nbd7 {[%cal Bb8d7,Bd7f8,Bf8e6][%mdl 32]} 11. O-O Nf8 12. f3 Ne6 13. Rad1 Bd7 {D36: Queen's Gambit Declined: Exchange Variation: Main line (5 Bg5 c6 6 Qc2).} 14. h3 Rc8 {[#]} 15. Qb1 $146 ({Predecessor:} 15. e4 Nh5 16. Bxe7 Qxe7 17. Qd2 dxe4 18. fxe4 c5 19. Bb1 cxd4 20. Nxd4 Nxd4 21. Qxd4 Bxh3 22. gxh3 {0-1 (45) Goltseva,E (2297)-Arabidze,M (2435) Moscow 2019}) 15... b5 {[%cal Bb7b5,Bb5b4][%mdl 32] The position is equal.} 16. e4 (16. Bf2 $11) 16... b4 17. e5 Nh5 $17 18. Bxe7 Qxe7 19. Na4 c5 $36 {[%mdl 2048] Keeping White busy.} 20. Bc2 {[%mdl 8192]} (20. Nxc5 $17 {is more resistant.} Nxc5 21. dxc5 Qxc5+ 22. Rf2) 20... Bb5 $19 {Black is clearly winning.} 21. Rfe1 {and the idea Nxc5 leaves White hopeful.} Bxe2 22. Rxe2 Nxd4 23. Ree1 Nf4 {[#] White must now prevent ...Qg5!} 24. Kh1 Qg5 {[%csl Gf4][%cal Rg5g2]} 25. Rd2 Rxe5 26. Rxe5 Qxe5 27. Qd1 Nfe2 28. Bd3 Ng3+ 29. Kg1 c4 30. Bf1 Qe3+ 31. Rf2 {[#]} Nh1 $1 {[%mdl 576] Pin} 32. Qd2 Qxf2+ {[%mdl 64] Overworked Piece} 33. Qxf2 Nxf2 34. Kxf2 c3 35. bxc3 bxc3 {White got outplayed after the opening.  Weighted Error Value: White=1.03/Black=0.15} 0-1